| 000 | 00000nam##2200000za#4500 |
| 001 | 9.625666 |
| 003 | CaOODSP |
| 005 | 20200327183827 |
| 007 | ta |
| 008 | 150406|2000||||xxc||||| f|0| 0 fre|d |
| 040 | |aCaOODSP|bfre |
| 043 | |an-cn--- |
| 086 | 1 |aH113-2/6-2000F |
| 110 | 1 |aCanada.|bSanté Canada. |bAgence de réglementation de la lutte antiparasitaire. |
| 245 | 10|aFiche technique sur le Bacillus thuringiensis ssp. kurstaki |
| 260 | |aOttawa - Ontario : |bSanté Canada. |c2000. |
| 300 | |a1 feuille pliée. ; |c22 cm. |
| 490 | 1 |aFiche technique |
| 563 | |aDépliant |
| 590 | |a01-41|b2001-10-12 |
| 691 | 07|aPesticide|2gcpds |
| 691 | 07|aIndustrie de l'exploitation forestière|2gcpds |
| 691 | 07|aIndustrie agro-alimentaire|2gcpds |
| 775 | 08|tFact sheet on the Bacillus thuringiensis subspecies kurstaki |w(CaOODSP)9.615613 |
| 776 | 0#|tFiche technique sur le Bacillus thuringiensis ssp. kurstaki |w(CaOODSP)9.603046 |
| 830 | #0|aFiche technique.|w(CaOODSP)9.513059 |